maailman suurimmat valtiot - Statistics

Yleistilastot
  • Tätä visaa on pelattu 46 kertaa
  • Keskiarvotulos 15 / 20
Vastaustilastot
pinta-ala Vastaus % Oikein
17098242 km2 venäjä
100%
9372610 km2 yhdysvallat
100%
9984670 km2 kanada
98%
9706961 km2 kiina
95%
8515767 km2 brasilia
93%
3287590 km2 intia
93%
2780400 km2 argentiina
88%
7692024 km2 australia
88%
2381741 km2 algeria
83%
1964375 km2 meksiko
83%
1564110 km2 iran
76%
2724900 km2 kazakstan
73%
1285216 km2 mongolia
73%
2344858 km2 kongon demokraattinen tasavalta
71%
1648195 km2 libya
66%
2149690 km2 saudi-arabia
63%
1904569 km2 indonesia
61%
1759540 km2 sudan
51%
1284000 km2 tšad
49%
1285216 km2 peru
41%
Ehtoja vastaavia visoja ei löytynyt
Tulosjakauma
Jokaisen tuloksen saaneiden osuus
Persentiili vastausten määrän mukaan
Tuloshistoriasi
Et ole pelannut tätä visaa